=LDR 00000nam 2200000 4500 =001 INLIS000000000034231 =005 20130612140137 =008 ***********************************ind** =035 ##$$0010-061300000034231 =041 ##$$a ind =082 ##$$a 005 =090 ##$$a 005, Adj,m =100 ##$$a Adjie,Bayu =245 ##$$a Mengolah Citra Dijital Dengan AdobePhotoshop C =260 ##$$a 2009 $b Jakarta =300 ##$$a viii,128 hlm, Illus, 21 cm =650 ##$$a Komputer - Program =850 ##$$a NBPNMAT